000 01581cam a22005294i 4500
003 PE-LiUPU
005 20250731165639.0
008 150616s1993 ilua r 000 0 eng d
020 _a0226103897
020 _a9780226103891
035 _a(Sirsi) i9780226103891
040 _aPE-LiUPU
_bspa
_cPE-LiUPU
_erda
049 _aPRUA
082 0 4 _a808.027
_bU61
_221
245 0 4 _aThe Chicago Manual of Style /
_cUniversity of Chicago Press.
250 _aFourteenh edition.
264 1 _aChicago :
_bThe University of Chicago Press,
_c1993.
300 _aix, 921 páginas :
_bilustraciones ;
_c23 centímetros
336 _atext
_2rdacontent
337 _aunmediated
_2rdamedia
338 _avolume
_2rdacarrier
504 _aBibliografía: páginas 861-869.
504 _aÍndice: página 871-921.
505 0 _aThe Chicago manual of style.
526 _aSEG44
526 _aSEG26
526 _aP151
526 _aP150
526 _aP149
526 _aP146
526 _aP145
526 _aP126
526 _aP125
526 _aP92
526 _aP75
526 _aP74
526 _aP27
526 _aP15
650 0 4 _aEscritores - Manuales, Guías, etc.
910 _ajck
_bjvq
_cjck
910 _adbm
_bjpc
_cjpc
_d20190523
942 _2ddc
_cBOOK
994 _aC0
_bPEPRU
596 _a1
999 _aRC 808.027 U61
_wDEWEY
_c57989
_i40193
_f2021-11-8
_g6
_lRCG
_mBUL
_p16.95
_r0
_sY
_tBOOK
_u2015-6-16
_xBIBLIOTECA
_PP35
_0COMPRA
_o.STAFF. Colección Teología
_d57989
980 _81
_gALBERTO SANCHEZ Responsable de Automatización